[Event "Ambalangoda Dhamso op 8th"]
[Site "Ambalangoda"]
[Date "2018.04.22"]
[Round "7"]
[White "Bandara, AJSD"]
[Black "Jayawardana, Chenuka Nethvidu"]
[Result "1-0"]
[WhiteElo "1675"]
[BlackElo "1435"]
[PlyCount "56"]
[EventDate "2018.04.19"]
[EventType "swiss"]
[EventRounds "9"]
[EventCountry "SRI"]
[SourceTitle "CBM 184 Extra"]
[Source "ChessBase"]
[SourceDate "2018.06.28"]
[SourceVersion "1"]
[SourceVersionDate "2018.06.28"]
[SourceQuality "1"]

1. Nf3 d5 2. d4 e6 3. e3 f5 4. Bd3 Nf6 5. c4 c6 6. c5 Be7 7. 0-0 0-0 8. b4 Nbd7 9. Ng5 Nb8 10. f4 h6 11. Nf3 Nbd7 12. b5 Qc7 13. Bd2 Ne4 14. Be1 Bf6 15. Ne5 Nxe5 16. fxe5 Bg5 17. Qd2 Bd7 18. a4 Qd8 19. Na3 Be8 20. Nc2 Bg6 21. g3 Qd7 22. Ra3 h5 23. h4 Bh6 24. Kh2 Be8 25. Qg2 g5 26. Rb3 a6 27. bxa6 bxa6 28. a5 Rf7 1-0

[Event "Ambalangoda Dhamso op 8th"]
[Site "Ambalangoda"]
[Date "2018.04.21"]
[Round "5"]
[White "Sooriyaarachchige, Isuru Madushan"]
[Black "Jayawardana, Chenuka Nethvidu"]
[Result "1-0"]
[WhiteElo "1539"]
[BlackElo "1435"]
[PlyCount "71"]
[EventDate "2018.04.19"]
[EventType "swiss"]
[EventRounds "9"]
[EventCountry "SRI"]
[SourceTitle "CBM 184 Extra"]
[Source "ChessBase"]
[SourceDate "2018.06.28"]
[SourceVersion "1"]
[SourceVersionDate "2018.06.28"]
[SourceQuality "1"]

1. b3 Nf6 2. Bb2 e6 3. e3 b6 4. f4 Bb7 5. Nf3 c5 6. Be2 Be7 7. 0-0 0-0 8. d3 d5 9. d4 Ne4 10. Nbd2 f5 11. Ne5 Nd7 12. Nxe4 dxe4 13. Bc4 Bd5 14. Bxd5 exd5 15. Nc6 Qe8 16. dxc5 Bxc5 17. Qxd5+ Kh8 18. Nd4 Bxd4 19. Bxd4 Qf7 20. Qxf7 Rxf7 21. Rfd1 Kg8 22. Rd2 Kf8 23. Rad1 Ke8 24. c4 Rc8 25. Kf2 Rc6 26. Bb2 h6 27. Ba3 Kd8 28. Rd4 h5 29. Rd6 Rc7 30. Rg6 Kc8 31. h3 b5 32. Rc1 bxc4 33. Rxc4 Rxc4 34. bxc4 h4 35. c5 Nf8 36. Rd6 1-0